| 000 | 00713nam a2200217 a 4500 | ||
|---|---|---|---|
| 005 | 20140412111301.0 | ||
| 008 | 010215s19uu xx 00 eng d | ||
| 020 | _a0-394-83014-8 | ||
| 050 |
_aTR(PS E _bBe35To 1981 |
||
| 050 |
_aER _bBe35To 1981 |
||
| 100 | _aBerenstain, Stan | ||
| 245 |
_aBerenstain Bear and too much vacation (The) / _cStan and Jan Berenstain. |
||
| 260 |
_aNew York : _bRandom House, _c1989. |
||
| 300 | _a1 v. (unp.) ; ill. ; col. | ||
| 440 | _aA First Time Books | ||
| 520 | _aThe Bear family experiences one mishap after another when they vacation in the Great Grizzly Mountains | ||
| 650 | _aVacation--Fiction | ||
| 650 | _aBears--Fiction | ||
| 999 |
_c103395 _d103395 |
||